banner koha

Viagem ás Nanscentes do Rio S. Franciosco e Pela Provincia de Goyaz : (Registro n. 341197)

MARC details
000 -LÍDER
Campo de controle fixo 01574nam a22003257a 4500
001 - NÚMERO DE CONTROLE
Número de controle BR2026000890
003 - CÓDIGO MARC DA AGÊNCIA CATALOGADORA
Campo de controle BR-BrBNA
005 - DATA E HORA DA ÚLTIMA ATUALIZAÇÃO
Campo de controle 20260402115110.0
008 - CAMPO DE TAMANHO FIXO
Campo fixo de controle 260401b bl.||||| |||| 00| 0 por d
040 ## - FONTE DA CATALOGAÇÃO
Agência catalogadora BR-BrBNA
Idioma da catalogação por
041 ## - CÓDIGO DO IDIOMA
Código do Idioma por
072 ## - CATEGORIA AGRIS
Código da categoria de assunto/objeto <a href="B50">B50</a>
090 ## - NÚMERO DE CHAMADA
Localização na estante B50
Código BR BR2026000890
100 0# - ENTRADA PRINCIPAL - NOME PESSOAL
Código de relação aut.
Nome pessoal Auguste de Saint-Hilaire,
245 ## - TÍTULO PRINCIPAL
Título principal Viagem ás Nanscentes do Rio S. Franciosco e Pela Provincia de Goyaz :
Subtítulo Tomo Segundo,
250 ## - EDIÇÃO
Edição 78.ed.
260 ## - IMPRENTA (PUBLICAÇÃO, DISTRIBUIÇÃO, ETC.)
Lugar de publicação, distribuição, etc. São Paulo, SP (brasil) :
Nome do editor, distribuidor, etc. Companhia Editora Nacional,
Data de publicação, distribuição, etc 1937.
300 ## - DESCRIÇÃO FÍSICA
Extensão 306 p.
490 ## - INDICAÇÃO DE SÉRIE
Título da série Coleção Brasiliana,
Número do volume ou designação sequencial da série v. 78.
500 ## - NOTA GERAL
Notas gerais Texto em ortografia antiga
500 ## - NOTA GERAL
Notas gerais Obras em caráter histórico, sobre Brasil colonial.
520 ## - NOTA DE RESUMO, ETC
Nota de conteúdo Relato de viagem de Auguste de Saint-Hilaire, baseado em expedições realizadas no início do século XIX, reunido na obra Viagem às nascentes do rio São Francisco e pela província de Goyaz. O autor descreve o percurso pelo interior do Brasil, com observações sobre a natureza, a geografia e as condições ambientais, além de aspectos sociais, econômicos e culturais das populações locais. A obra constitui importante documento histórico sobre o Brasil oitocentista.
546 ## - NOTA DE IDIOMA
Nota de idioma Nota do indioma, texto em português com ortografia antiga.
650 ## - ASSUNTO - THESAGRO
Cabeçalho tópico ou nome geográfico HISTORIA
650 ## - ASSUNTO - THESAGRO
Cabeçalho tópico ou nome geográfico GEOGRAFIA
650 ## - ASSUNTO - THESAGRO
Cabeçalho tópico ou nome geográfico GEOGRAFIA DESCRITIVA
856 ## - ACESSO E ENDEREÇO ELETRÔNICO
Material especificado Disponível na bibnlioteca digital do MAPA.
Identificador uniforme de recurso - URI https://bdor.sibi.ufrj.br/bitstream/doc/150/1/68%20%20PDF%20-%20OCR%20-%20RED.pdf
909 ## - IDENTIFICAÇÃO DO CATALOGADOR
Ano e mês da catalogação (aaaamm) 202603
Identificação do catalogador Nonato
942 ## - TIPO ESPECÍFICO
Tipo de material Livros
952 ## - LOCATION AND ITEM INFORMATION (KOHA)
-- 2026-04-01
Exemplares
Status de empréstimo Fonte de classificação Status de danificação Não pode ser emprestado Código da coleção Localização permanente Localização atual Localização na estante Total Checkouts Número de chamada Código de barras Tipo de material
  Classificação AGRIS     Obras Raras Biblioteca Nacional de Agricultura - Binagri Biblioteca Nacional de Agricultura - Binagri Agrobase - Obras Raras   B50 BR2026000890 OBR 2026-1456 Livros

BINAGRI

Telefone: (61)3218-2567/2388/3357/2097 - binagri@agro.gov.br

Ministério da Agricultura e Pecuária , Esplanada dos Ministérios, Bloco D, Anexo B, Brasília/DF, CEP: 70.043-900